[Event "4th LGA Premium Cup"]
[Site "Nuernberg GER"]
[Date "2007.09.09"]
[Round "7"]
[White "Peralta,Fe"]
[Black "Del Rio Angelis,S"]
[Result "1/2-1/2"]
[WhiteElo "2546"]
[BlackElo "2506"]

1.Nf3 d5 2.d4 Nf6 3.c4 e6 4.Nc3 Be7 5.Bf4 O-O 6.e3 Nbd7 7.c5 Nh5 8.Bd3 Nxf4
9.exf4 c6 10.Qc2 h6 11.O-O b6 12.b4 bxc5 13.bxc5 Qa5 14.Rab1  1/2-1/2

[Event "12th ch-Asia w"]
[Site "Tehran IRI"]
[Date "2007.09.11"]
[Round "9"]
[White "Wang Xiaohui"]
[Black "Hakimifard,G"]
[Result "1-0"]
[WhiteElo "2190"]
[BlackElo "2018"]

1.d4 d5 2.c4 e6 3.Nc3 Be7 4.Nf3 Nf6 5.Bf4 O-O 6.e3 c5 7.dxc5 Bxc5 8.Qc2 Nc6
9.a3 Qa5 10.Nd2 Be7 11.Be2 e5 12.Bg3 d4 13.Nb3 Qb6 14.c5 Qd8 15.Rd1 Be6 16.O-O Qc8
17.Na4 Rd8 18.exd4 Bxb3 19.Qxb3 Nxd4 20.Qc4 Qc6 21.b3 Bxc5 22.Nxc5 Nxe2+
23.Qxe2 Qxc5 24.b4 Qc3 25.Bxe5 Qxa3 26.Bxf6 gxf6 27.Qe7 Rxd1 28.Rxd1 Qc3
29.h3 Qe5 30.Qd7 a5 31.Rd3 axb4 32.Rg3+ Kf8 33.Qd2 Ra1+ 34.Kh2 Ke7 35.Qxb4+ Qd6
36.Qxb7+ Kd8 37.Qxf7 Rf1 38.Qg8+ Kd7 39.Qg4+ Kd8 40.Qg8+ Kd7 41.Qxh7+ Kc6
42.Qc2+ Kd7 43.Qb3 Kc6 44.Qd3 Rxf2 45.Qxd6+ Kxd6 46.Rf3 Rd2 47.Rxf6+ Ke5
48.Rf1 Rd3 49.h4  1-0

[Event "17th Senior WCh"]
[Site "Gmunden AUT"]
[Date "2007.09.21"]
[Round "5"]
[White "Farago,I"]
[Black "Butnorius,A"]
[Result "1-0"]
[WhiteElo "2501"]
[BlackElo "2394"]

1.d4 Nf6 2.c4 e6 3.Nf3 d5 4.Nc3 Be7 5.Bf4 O-O 6.e3 c5 7.dxc5 Bxc5 8.cxd5 Nxd5
9.Nxd5 exd5 10.a3 Nc6 11.Bd3 Bb6 12.b4 Bg4 13.O-O Re8 14.h3 Bh5 15.Ra2 Ne5
16.Be2 Nc4 17.Nd2 Bxe2 18.Qxe2 Rc8 19.Rd1 Qf6 20.Nf3 h6 21.Rxd5 Nxa3 22.Re5 Qc6
23.Rxe8+ Rxe8 24.Qd3 Nb5 25.Rc2 Rd8 26.Qxd8+ Bxd8 27.Rxc6 bxc6 28.Ne5 Bc7
29.Nxc6 Bxf4 30.exf4 Kf8 31.Kf1 Ke8 32.Ke2 Kd7 33.Ne5+ Ke6 34.Kd3 f6 35.Nc4 f5
36.Ne3 Nd6 37.f3 Nb7 38.Nc4 Kd5 39.g4 Ke6 40.Kd4 g5 41.Ne3 fxg4 42.f5+ Kf6
43.fxg4 Nd6 44.Kd5 Nf7 45.Kc6 Ke5 46.Kb7 Nd8+ 47.Kc7 Nf7 48.Kb8 Kd4 49.Kxa7 Kxe3
50.b5  1-0

[Event "16th Monarch Assurance"]
[Site "Port Erin IOM"]
[Date "2007.09.23"]
[Round "2"]
[White "Drozdovskij,Y"]
[Black "Taylor,Pe"]
[Result "1-0"]
[WhiteElo "2567"]
[BlackElo "2209"]

1.d4 Nf6 2.c4 e6 3.Nf3 d5 4.Nc3 Be7 5.Bf4 O-O 6.e3 Nbd7 7.c5 c6 8.h3 b6 9.b4 a5
10.a3 Ba6 11.Bxa6 Rxa6 12.b5 cxb5 13.c6 Qc8 14.c7 b4 15.Nb5 bxa3 16.O-O Ra8
17.Qc2 Qa6 18.Qc6 Rac8 19.Ne5 Nxe5 20.Bxe5 Ne4 21.Ra2 Bb4 22.Rc1 Nd2 23.Bd6 Bxd6
24.Nxd6 Nc4 25.Nxc8 Rxc8 26.e4 Qa8 27.Qd7 b5 28.exd5 exd5 29.Re1  1-0

[Event "Highlands Open A"]
[Site "Zdar nad Sazavou CZE"]
[Date "2007.09.26"]
[Round "5"]
[White "Nemcova,Kat"]
[Black "Sedlacek,J"]
[Result "1-0"]
[WhiteElo "2245"]
[BlackElo "2094"]

1.d4 d5 2.c4 e6 3.Nf3 Nf6 4.Nc3 Be7 5.Bf4 O-O 6.e3 b6 7.Rc1 Bb7 8.cxd5 exd5
9.Bd3 c5 10.O-O Nbd7 11.Ne5 Rc8 12.Bf5 g6 13.Bh3 Ra8 14.Nf3 a6 15.g3 Re8
16.Bg2 Nf8 17.dxc5 bxc5 18.Qb3 Bc6 19.Ne5 c4 20.Qd1 Bb5 21.a4 Bd6 22.Nxf7 Kxf7
23.axb5 Bxf4 24.gxf4 axb5 25.Nxd5 Ra2 26.b3 Ke6 27.bxc4 bxc4 28.Rxc4 Qd7  1-0

[Event "Highlands Open A"]
[Site "Zdar nad Sazavou CZE"]
[Date "2007.09.26"]
[Round "5"]
[White "Bartos,J"]
[Black "Jinova,L"]
[Result "1-0"]
[WhiteElo "2201"]
[BlackElo "2089"]

1.d4 Nf6 2.Nf3 d5 3.c4 e6 4.Nc3 Be7 5.Bf4 O-O 6.e3 b6 7.cxd5 exd5 8.Bd3 c5
9.Ne5 Bb7 10.O-O a6 11.Qf3 Nbd7 12.Qh3 g6 13.Bh6 Re8 14.f4 Qc7 15.f5 cxd4
16.Nxd7 Qxd7 17.exd4 Bc6 18.Rf3 Qd6 19.Raf1 Ne4 20.fxg6 fxg6 21.Rf7 Bd7 22.Nxe4 dxe4
23.Bc4  1-0

[Event "27th Open"]
[Site "Munich GER"]
[Date "2007.10.04"]
[Round "6"]
[White "Terekhov,A"]
[Black "Singer,C"]
[Result "1-0"]
[WhiteElo "2318"]
[BlackElo "2339"]

1.d4 d5 2.c4 e6 3.Nc3 Be7 4.Nf3 Nf6 5.Bf4 O-O 6.e3 c5 7.dxc5 Bxc5 8.cxd5 Nxd5
9.Nxd5 exd5 10.a3 Nc6 11.Bd3 Bb6 12.O-O d4 13.e4 Bg4 14.h3 Qf6 15.hxg4 Qxf4
16.Nh2 Ne5 17.g3 Qh6 18.Kg2 Rac8 19.f4 Nxd3 20.Qxd3 Qc6 21.Rad1 Rfe8 22.Rfe1 Qc2+
23.Re2 Qxd3 24.Rxd3 f6 25.Nf3 Red8 26.g5 Rc1 27.gxf6 gxf6 28.e5 fxe5 29.Nxe5 Kg7
30.f5 Rc7 31.Rf3 Rd6 32.Nd3 Kf6 33.Nf4 Rc5 34.g4 Rc7 35.g5+ Kxf5 36.Ne6+ Kg6
37.Rf6+ Kh5 38.Nxc7 Bxc7 39.Rxd6 Bxd6 40.Re6 Bf4 41.Rh6+ Kxg5 42.Rxh7 Kf5
43.Kf3 Bc1 44.Rxb7 Ke5 45.a4 d3 46.b3 d2 47.Ke2 Kd4 48.Rxa7 Kc3 49.Rc7+ Kxb3
50.a5  1-0

[Event "12th ECC Women"]
[Site "Kemer TUR"]
[Date "2007.10.07"]
[Round "5"]
[White "Turova,I"]
[Black "Mkrtchian,L"]
[Result "1/2-1/2"]
[WhiteElo "2383"]
[BlackElo "2402"]

1.d4 d5 2.c4 e6 3.Nc3 Be7 4.Nf3 Nf6 5.Bf4 O-O 6.e3 Nbd7 7.c5 c6 8.h3 b6 9.b4 a5
10.a3 Ba6 11.Bxa6 Rxa6 12.b5 cxb5 13.c6 Qc8 14.c7 b4 15.Nb5 a4 16.axb4 Bxb4+
17.Ke2 Ra5 18.Qd3 Qa6 19.Rhb1 Qxb5 20.Qxb5 Rxb5 21.Rxa4 Rc8 22.Rbxb4 Rxb4
23.Rxb4  1/2-1/2

[Event "Open"]
[Site "Nelson NZL"]
[Date "2007.10.07"]
[Round "9"]
[White "Johansen,D"]
[Black "Wastney,S"]
[Result "1/2-1/2"]
[WhiteElo "2446"]
[BlackElo "2281"]

1.c4 e6 2.Nf3 d5 3.d4 Nf6 4.Nc3 Be7 5.Bf4 O-O 6.e3 Nbd7 7.Qc2 c5 8.cxd5 Nxd5
9.Nxd5 exd5 10.Bd3 g6 11.dxc5 Nxc5 12.O-O Qb6 13.Be5 Bg4 14.Be2 Rac8 15.Rfc1 Rfd8
16.h3 Bf5 17.Qd1 a6 18.b3 Bd7 19.Bd4 Bb5 20.Rc2 Bxe2 21.Qxe2 Qe6 22.Rac1 Ne4
23.Bb2 Bf6 24.Bxf6 Rxc2 25.Qxc2 Qxf6 26.Qc7 Kg7 27.Rc2 Nd6 28.Qb6 Rd7 29.a4 h6
30.Qd4 Qxd4 31.Nxd4 h5 32.g4 hxg4 33.hxg4 Kf8 34.f3 Ne8 35.Rc8 Ke7 36.Kf2 Rc7
37.Rxc7+ Nxc7 38.Ke2 Kd6 39.Kd3 b6 40.b4 Ne8 41.g5 Nc7 42.f4 Ne8 43.Nf3 Ke6
44.Ne5 Nd6 45.Nc6 Nb7 46.Kd4 Kd6 47.Ne5 Nd8  1/2-1/2

[Event "WJun"]
[Site "Yerevan ARM"]
[Date "2007.10.07"]
[Round "5"]
[White "Gupta,Ab"]
[Black "Mijovic,S"]
[Result "1-0"]
[WhiteElo "2470"]
[BlackElo "2228"]

1.d4 d5 2.c4 e6 3.Nc3 Be7 4.Nf3 Nf6 5.Bf4 O-O 6.e3 c5 7.dxc5 Bxc5 8.Qc2 Nc6
9.a3 Qa5 10.O-O-O a6 11.cxd5 exd5 12.Kb1 Be7 13.Bd3 Bd7 14.Ne5 Rfd8 15.Nxd7 Rxd7
16.Ne2 Qb6 17.Ka1 Rad8 18.Rc1 g6 19.h4 Nh5 20.Bg5 Bxg5 21.hxg5 d4 22.e4 Na5
23.b4 Nc6 24.g4 Ng7 25.Nf4 Ne8 26.Bc4 Ne5 27.Nd5 Qd6 28.f4 Nxc4 29.Rxh7 Kxh7
30.Rh1+ Kg7 31.Qh2 f6 32.Qh8+ Kf7 33.Rh7+ Ke6 34.Qg8+  1-0

[Event "GM"]
[Site "Corfu GRE"]
[Date "2007.10.08"]
[Round "7"]
[White "Simeonidis,I"]
[Black "Shneider,Alek"]
[Result "0-1"]
[WhiteElo "2268"]
[BlackElo "2543"]

1.Nf3 Nf6 2.c4 e6 3.Nc3 d5 4.d4 Be7 5.Bf4 O-O 6.e3 Nbd7 7.a3 c6 8.h3 a6 9.c5 b6
10.b4 bxc5 11.bxc5 Ne4 12.Rc1 Qa5 13.Bd3 Nxc3 14.Qd2 f6 15.Qxc3 Qxc3+ 16.Rxc3 e5
17.dxe5 fxe5 18.Nxe5 Bf6  0-1

[Event "12th ECC Women"]
[Site "Kemer TUR"]
[Date "2007.10.08"]
[Round "6"]
[White "Topel,Z"]
[Black "Ozturk,K"]
[Result "1-0"]
[WhiteElo "2246"]
[BlackElo "2174"]

1.d4 Nf6 2.c4 e6 3.Nf3 d5 4.Nc3 Be7 5.Bf4 O-O 6.e3 c5 7.dxc5 Bxc5 8.Be2 Nc6
9.O-O a6 10.cxd5 Nxd5 11.Nxd5 exd5 12.Qc2 Bd6 13.Bxd6 Qxd6 14.Rfd1 Qe7 15.Nd4 Ne5
16.Rac1 Bd7 17.Qc7 b5 18.Nf3 Ng6 19.Qb7 Be6 20.Rc7 Qf6 21.Nd4 Ne5 22.Qb6 Rfb8
23.Qc5 Rd8 24.b3 h6 25.f4 Ng4 26.Nc6 Qh4 27.Bxg4 Bxg4 28.Rf1 Bf5 29.h3 Qh5
30.Nxd8 Rxd8 31.Qe7 Rf8  1-0

[Event "II Patrimon Open"]
[Site "Alcala de Henares ESP"]
[Date "2007.10.10"]
[Round "4"]
[White "Barria,D"]
[Black "Serafimov,Di"]
[Result "1-0"]
[WhiteElo "2451"]
[BlackElo "2168"]

1.d4 d5 2.c4 e6 3.Nf3 Be7 4.Nc3 Nf6 5.Bf4 O-O 6.e3 a6 7.c5 Nc6 8.a3 Ne4 9.Nxe4 dxe4
10.Nd2 g5 11.Bg3 f5 12.Qh5 Bd7 13.Bc4 Kg7 14.Qe2 Bf6 15.h3 Na5 16.O-O Nxc4
17.Nxc4 Bb5 18.a4 Bxc4 19.Qxc4 Re8 20.Rfd1 c6 21.b4 Qd7 22.Rab1 Red8 23.Bd6 Be7
24.Bxe7 Qxe7 25.b5 axb5 26.axb5 Rac8 27.bxc6 bxc6 28.Rb6 Rc7 29.Rdb1 e5 30.Rd1 exd4
31.Rxd4 Rxd4 32.Qxd4+ Qf6 33.Qd6 Qxd6 34.cxd6 Rc8 35.Rb7+ Kf6 36.Rc7 Rd8
37.Rxc6 Rd7 38.g4 h6 39.Kg2 Ke6 40.Kg3 Kf6 41.h4 gxh4+ 42.Kxh4 fxg4 43.Kxg4 Ke5
44.Rc5+ Kxd6 45.Rf5 Ke6 46.Kf4 Ra7 47.Re5+ Kd6 48.Rxe4 Rf7+ 49.Kg3 Rf5 50.Re8  1-0

[Event "USCL 2007"]
[Site "ICC INT"]
[Date "2007.10.10"]
[Round "7"]
[White "Zenyuk,I"]
[Black "Williams,C USA"]
[Result "1-0"]
[WhiteElo "2197"]
[BlackElo "2179"]

1.d4 Nf6 2.Nf3 d5 3.c4 e6 4.Nc3 Be7 5.Bf4 O-O 6.e3 c5 7.dxc5 Bxc5 8.Qc2 Nc6
9.a3 Qa5 10.O-O-O Be7 11.g4 dxc4 12.Bxc4 e5 13.g5 Nd7 14.Rd5 Qc7 15.Nb5 Qb8
16.Bg3 a6 17.Nbd4 Nxd4 18.Nxd4 Bxg5 19.Rg1 Bf6 20.Nf5 g6 21.Nd6 b5 22.Bb3 Nb6
23.Rxe5 Qxd6 24.Rg5 Bxb2+ 25.Kxb2 Bf5 26.Bxd6 Bxc2 27.Kxc2 Rac8+ 28.Kb2 Rfd8
29.Bb4 Rd7 30.h4 Nc4+ 31.Bxc4 bxc4 32.Rc1 f5 33.Rgg1 Rd5 34.Rgd1 Rb5 35.Kc2 a5
36.Bc3 Rb3 37.a4 Rc7 38.Rb1 Ra3 39.Ra1 Rxa1 40.Rxa1 Rc5 41.f4 Kf7 42.Rb1 Rd5
43.Rb7+ Ke6 44.Bd4 Rd8 45.Rxh7 Rb8 46.Ra7 Kd5 47.Rxa5+ Ke4 48.Kc3 Rb1 49.Re5+ Kf3  1-0

[Event "TCh-ROU Superliga"]
[Site "Predeal ROU"]
[Date "2007.10.15"]
[Round "3"]
[White "Dumitrache,D"]
[Black "Danilov,I"]
[Result "0-1"]
[WhiteElo "2485"]
[BlackElo "2414"]

1.d4 d5 2.c4 e6 3.Nf3 Nf6 4.Nc3 Be7 5.Bf4 O-O 6.e3 c5 7.dxc5 Bxc5 8.cxd5 exd5
9.Be2 Nc6 10.O-O Be6 11.Rc1 a6 12.Ne5 d4 13.Na4 Ba7 14.Nxc6 bxc6 15.exd4 Bxa2
16.b3 Qxd4 17.Qxd4 Bxd4 18.Bc4 Nd5 19.Bg3 Rfd8 20.Rfd1 Nb6 21.Bc7 Nxa4 22.Bxd8 Rxd8
23.Rd2 Nb2 24.Rcc2 Nxc4 25.Rxc4 Bf6 26.Rxd8+ Bxd8 27.Rxc6 Be7 28.Rxa6 Bxb3
29.Ra8+ Bf8 30.h4 Be6 31.h5 f5 32.Kh2 Kf7 33.Ra7+ Be7 34.Kg3 h6 35.f3 Kf6
36.Ra6 Bb4 37.f4 Kf7 38.Ra7+ Kg8 39.Rb7 Be1+ 40.Kh3 Bc4 41.Rc7 Be2 42.Rc8+ Kh7
43.Rf8 Bg4+ 44.Kh2 Bh4 45.g3 Bf6 46.Ra8 Bxh5 47.Ra5 Bg4 48.Kg2 Kg6 49.Ra7 Be2
50.Rc7 Kh5 51.Rc2 Ba6 52.Ra2 Bc4 53.Ra4 Bd3 54.Ra3 Be4+ 55.Kh3 g5 56.Ra6 Bc3
57.Ra3 Bh8 58.Rb3 Bg7 59.Ra3 Bf8 60.Ra6 Bc5 61.Re6 Be3 62.fxg5 hxg5 63.Re8 g4+
64.Kh2 Bd4 65.Re6 Bc3 66.Ra6 Kg5 67.Re6 Bf6 68.Kg1 Kg6 69.Ra6 Kf7 70.Kh2 Be5
71.Ra7+ Ke6 72.Ra6+ Kd5 73.Ra4 Bd6 74.Ra8 f4 75.gxf4 Bxf4+ 76.Kg1 g3 77.Rd8+ Ke5
78.Re8+ Kd4 79.Rd8+ Bd5  0-1

[Event "TCh-ROU Superliga"]
[Site "Predeal ROU"]
[Date "2007.10.19"]
[Round "7"]
[White "Vasilescu,L"]
[Black "Anton,T"]
[Result "0-1"]
[WhiteElo "2289"]
[BlackElo "2241"]

1.Nf3 d5 2.c4 e6 3.d4 Nf6 4.Nc3 Be7 5.Bf4 O-O 6.e3 Nbd7 7.c5 Nh5 8.Bd3 Nxf4
9.exf4 Re8 10.O-O c6 11.b4 Qc7 12.Qd2 Bf8 13.Rfe1 g6 14.g3 Bg7 15.Re2 b6
16.h4 a5 17.cxb6 Qxb6 18.bxa5 Qxa5 19.a4 Nc5 20.Bc2 Ba6 21.Re3 Nd7 22.Ne5 c5
23.Rd1 Rec8 24.Bb3 Nxe5 25.fxe5 Bh6 26.Rc1 cxd4 27.Qxd4 Bxe3 28.Qxe3 Qc5
29.Qf4 Qa3 30.h5 Qxb3 31.h6 Rxc3 32.Qf6 Rxg3+ 33.Kh2 Rh3+  0-1

[Event "Bundesliga 2007-8"]
[Site "Remagen GER"]
[Date "2007.10.20"]
[Round "1"]
[White "Likavsky,T"]
[Black "Slobodjan,R"]
[Result "1/2-1/2"]
[WhiteElo "2496"]
[BlackElo "2547"]

1.d4 d5 2.c4 e6 3.Nc3 Be7 4.Nf3 Nf6 5.Bf4 O-O 6.e3 Nbd7 7.Bd3 dxc4 8.Bxc4 c5
9.O-O cxd4 10.Qxd4 Nb6 11.Bb3 Qxd4 12.Nxd4 Bd7 13.Ndb5 Ne4 14.Nxe4 Bxb5 15.Rfd1 Bc6
16.Bd6 Nc8 17.Bxe7 Nxe7 18.Nd6 Rad8 19.e4 Rd7 20.f4 Nc8 21.Nxc8 Rxd1+ 22.Rxd1 Rxc8
23.e5 Kf8 24.Kf2 Ke7 25.g3 h5 26.Rc1 Rd8 27.Ke3 g6 28.Bd1 Rd7 29.Be2 Kd8
30.b4 Rc7 31.h4 Bd5 32.Rxc7 Kxc7 33.a3 b6 34.Kd4 Bb3 35.g4 hxg4 36.Bxg4 Kd8
37.Be2 Ke7 38.Bf3 Ba4 39.Kc4 Bd7 40.Bb7 Kd8 41.b5 Kc7 42.Bf3 Kd8 43.a4 Be8
44.Kd4 Ke7 45.h5 gxh5 46.Bxh5 Kf8 47.Bf3 Ke7 48.Bh5 Kf8 49.Bg4 Ke7 50.Bh5  1/2-1/2

[Event "Bundesliga 2007-8"]
[Site "Hamburg GER"]
[Date "2007.10.21"]
[Round "2"]
[White "Gustafsson,J"]
[Black "Berkes,F"]
[Result "0-1"]
[WhiteElo "2606"]
[BlackElo "2606"]

1.Nf3 Nf6 2.c4 e6 3.Nc3 d5 4.d4 Be7 5.Bf4 O-O 6.e3 Nbd7 7.a3 c5 8.cxd5 Nxd5
9.Nxd5 exd5 10.dxc5 Nxc5 11.Be2 Bf6 12.Be5 Bxe5 13.Nxe5 Ne6 14.Nf3 Qf6 15.Qd2 Rd8
16.Rd1 d4 17.Nxd4 Nxd4 18.exd4 Bd7 19.O-O Ba4 20.Rc1 Rxd4 21.Qc3 Bc6 22.Rfd1 Rxd1+
23.Bxd1 Re8 24.Bf3 Qxc3 25.bxc3 Bxf3 26.gxf3 Kf8 27.Rd1 Ke7 28.Rd4 Rc8 29.Ra4 a6
30.Re4+ Kd6 31.Rd4+ Kc5 32.Kf1 Kb6 33.c4 Rc7 34.Ke2 Ka5 35.Kd3 Ka4 36.Rd6 Kxa3
37.Rb6 a5 38.Kc3 a4 39.Rb1 Ka2 40.Rb2+ Ka1 41.Rb4 a3 42.Kb3 Kb1 43.Kxa3+ Kc2
44.Rb3 Rxc4  0-1

[Event "Bundesliga 2007-8"]
[Site "Wattenscheid GER"]
[Date "2007.10.21"]
[Round "2"]
[White "Seel,C"]
[Black "Appel,R"]
[Result "1/2-1/2"]
[WhiteElo "2495"]
[BlackElo "2529"]

1.Nf3 d5 2.d4 e6 3.c4 Nf6 4.Nc3 Be7 5.Bf4 O-O 6.e3 c5 7.dxc5 Nc6 8.cxd5 exd5
9.Bd6 Bxd6 10.cxd6 Qxd6 11.Be2 Be6 12.O-O a6 13.Qa4 Ng4 14.g3 Rfd8 15.Rfd1 Nf6
16.Qf4 Qe7 17.Rac1 Rac8 18.Nd4 h6 19.Bf3 Kf8 20.g4 Qd6 21.Qxd6+ Rxd6 22.h3 Nxd4
23.Rxd4 Rb6 24.Rc2 Rc4 25.Rd1 h5 26.gxh5 Bxh3 27.Bxd5 Nxd5 28.Rxd5 Be6 29.Rd8+ Ke7
30.Rg8 Rg4+ 31.Kh2 Rc6 32.f3 Rg5 33.Rb8 Bc8 34.Nd5+ Rxd5 35.Rxc6 Rxh5+ 36.Kg3 bxc6
37.Rxc8 Ra5 38.a3 Rb5 39.Rxc6 Rxb2 40.Rxa6 Rb3 41.e4 g6 42.Kf4 Rc3 43.a4 Rb3
44.Ra8 Ra3 45.a5 Kf6 46.Ra6+ Ke7 47.Ra7+ Ke6 48.Ra8 Kf6 49.e5+ Ke6 50.a6 Ra4+
51.Kg5 Kxe5 52.a7 Ra5 53.Re8+ Kd4+ 54.Kf6 Rxa7 55.Rf8 Ke3 56.Rxf7 Rxf7+ 57.Kxf7 Kxf3
58.Kxg6  1/2-1/2

[Event "33rd Fortis Open"]
[Site "Guernsey GCI"]
[Date "2007.10.26"]
[Round "6"]
[White "Thurlow,K"]
[Black "Galliano,A"]
[Result "0-1"]
[WhiteElo "2091"]
[BlackElo "2012"]

1.c4 e6 2.Nc3 d5 3.d4 Nf6 4.Nf3 Be7 5.Bf4 O-O 6.e3 Ne4 7.Bd3 f5 8.h4 c6 9.Qc2 Nd7
10.O-O-O Qa5 11.Bxe4 fxe4 12.Ne5 Nxe5 13.Bxe5 b5 14.cxb5 cxb5 15.Rd2 Bd7
16.Kd1 b4 17.Nxe4 dxe4 18.Qxe4 Qxa2 19.Qb7 Ba4+ 20.Ke1 Qb1+ 21.Ke2 Qxh1 22.Qxe7 Bb5+  0-1

[Event "6th North Am FIDE Inv"]
[Site "Chicago USA"]
[Date "2007.10.28"]
[Round "1"]
[White "Vigorito,D"]
[Black "Mokriak,L"]
[Result "1/2-1/2"]
[WhiteElo "2399"]
[BlackElo "2174"]

1.d4 d5 2.c4 e6 3.Nc3 Nf6 4.Nf3 Be7 5.Bf4 O-O 6.e3 c6 7.c5 b6 8.b4 a5 9.a3 Nfd7
10.Bd3 f6 11.h4 axb4 12.Ng5 fxg5 13.hxg5 Rf5 14.axb4 Rxa1 15.Qxa1 Bxg5 16.Bxb8 Nxb8
17.g4 Rf3 18.Bxh7+ Kf7 19.Qa7+ Nd7 20.b5 bxc5 21.bxc6 Qb6 22.Qxb6 Nxb6 23.dxc5 Nc4
24.Nb5 Be7 25.Nd4 Rf6 26.g5 Rf5 27.Bxf5 exf5 28.Rh8 Bf8 29.g6+ Ke7 30.Nb5 Ne5
31.Nd6 Nxg6 32.Nxc8+ Kd8 33.Rxf8+ Nxf8 34.Nb6 Kc7 35.Nxd5+ Kxc6 36.Ne7+ Kxc5
37.Nxf5 Ne6 38.Ke2 Kd5 39.f3 Ke5 40.Ne7 Kd6 41.Ng6 Ng5 42.Kf2 Ke6 43.Kg3 Kf5
44.Nh4+ Kf6 45.Kg4 Nf7 46.Ng2 Ne5+ 47.Kg3 Nf7 48.Ne1 Nd6 49.Nc2 Nf5+ 50.Kg4 Nd6
51.Nb4 Nc4 52.Nd5+ Ke5 53.e4 Nd2 54.Nc3 Kd4 55.Nb5+ Ke5 56.Nc3 Kd4 57.Ne2+ Ke5
58.Ng3 g5 59.Nh1 Nxe4 60.fxe4 Kxe4 61.Kxg5  1/2-1/2

[Event "ETCC"]
[Site "Crete GRE"]
[Date "2007.10.30"]
[Round "3"]
[White "Jankovic,A"]
[Black "Narciso Dublan,M"]
[Result "1-0"]
[WhiteElo "2548"]
[BlackElo "2546"]

1.d4 Nf6 2.Nf3 e6 3.c4 d5 4.Nc3 Be7 5.Bf4 c5 6.dxc5 Na6 7.e3 Nxc5 8.cxd5 Nxd5
9.Nxd5 exd5 10.Be5 O-O 11.Be2 Be6 12.O-O Qd7 13.Rc1 Rfc8 14.Nd4 Bd6 15.Nxe6 fxe6
16.Qd4 Bxe5 17.Qxe5 Qe7 18.Qd4 a5 19.f4 b6 20.f5 Re8 21.Bh5 g6 22.fxg6 hxg6
23.Bxg6 Rf8 24.Rf4 Rxf4 25.exf4 Qg7 26.Qxg7+ Kxg7 27.Bb1 a4 28.Kf2 Ra5 29.Rd1 Rb5
30.Rd2 Rb4 31.g3 Rc4 32.Bc2 Rb4 33.Bb1 Rc4 34.Ke2 Kf6 35.h4 e5 36.Rxd5 exf4
37.Rf5+ Kg7 38.Rxf4 Rc1 39.Rf1 Rc4 40.Rf4 Rc1 41.Rf1 Rc4 42.Kd2 Rg4 43.Rf3 Rd4+
44.Kc3 Rd1 45.Bc2 Rg1 46.Kb4 Rg2 47.Kc3 Rg1 48.Bf5 Rg2 49.g4 Rh2 50.h5 Kh6
51.Re3 Kg5 52.Re8 Kf4 53.Rh8 Na6 54.h6 Nc7 55.Kc4  1-0

[Event "ETCC w"]
[Site "Crete GRE"]
[Date "2007.10.31"]
[Round "4"]
[White "Atalik,E"]
[Black "Mamedjarova,Z"]
[Result "0-1"]
[WhiteElo "2404"]
[BlackElo "2342"]

1.d4 Nf6 2.c4 e6 3.Nf3 d5 4.Nc3 Be7 5.Bf4 O-O 6.Qc2 a6 7.e3 Nbd7 8.cxd5 exd5
9.Bd3 Re8 10.O-O Nf8 11.h3 Ng6 12.Bh2 Bd6 13.Bxd6 Qxd6 14.a3 c5 15.dxc5 Qxc5
16.Rac1 Qe7 17.Na4 Be6 18.Nb6 Rad8 19.Qc7 Rd6 20.Qxe7 Nxe7 21.Na4 Nc6 22.Nc5 Bc8
23.Rfd1 g6 24.Nb3 Bd7 25.Nbd4 Rc8 26.b4 Kf8 27.Nb3 Rd8 28.Rd2 Ra8 29.Rdc2 Ke7
30.Nfd4 Nxd4 31.exd4 b6 32.Rc7 Kd8 33.Rb7 Ne8 34.Nd2 Rf6 35.Nf3 Bc8 36.Rxc8+ Kxc8
37.Re7 Kd8 38.Rb7 Nd6 39.Rxb6 Kc7 40.Rxa6 Rxa6 41.Bxa6 Nc4 42.Bxc4 dxc4 43.Ne1 Kc6
44.a4 Kd5 45.Nc2 Ra6 46.a5 Ke4 47.d5 Kxd5 48.Kf1 c3 49.Na3 Rc6 50.Nc2 Kc4
51.Ke2 Rd6  0-1

[Event "KNSB TCh-NED 2007-8"]
[Site "Netherlands NED"]
[Date "2007.11.03"]
[Round "3"]
[White "Richter,Ch"]
[Black "Konings,L"]
[Result "1/2-1/2"]
[WhiteElo "2399"]
[BlackElo "2294"]

1.d4 d5 2.c4 e6 3.Nf3 Be7 4.Nc3 Nf6 5.Bf4 O-O 6.e3 c6 7.c5 b6 8.b4 a5 9.a3 Ba6
10.Bxa6 Nxa6 11.Ne5 Qc8 12.Na4 Bd8 13.cxb6 axb4 14.Qc2 Nb8 15.Nd3 Nfd7 16.Nxb4 Bxb6
17.Bxb8 Qxb8 18.Nxc6 Qd6 19.Nxb6 Nxb6 20.Qc5 Qxc5 21.dxc5 Nd7 22.Ke2 Nxc5
23.Rhb1 Ra6 24.Nb4 Ra4 25.f3 Rfa8 26.Nc2 Rc4 27.Kd2 g5 28.Ra2 g4 29.Rb4 Ra4
30.Rxc4 Rxc4 31.Nd4 gxf3 32.gxf3 Ra4 33.Rc2 Nb7 34.Rc8+ Kg7 35.Rc7 Nd6 36.Nxe6+ Kf6
37.Nf4 d4 38.e4 Ke5 39.Nd5 Nc4+ 40.Ke2 f5 41.Nb4 Nxa3 42.Nd3+ Kd6 43.Rxh7 fxe4
44.fxe4 Nb5 45.e5+ Kc6 46.Kf3 Nc3 47.Rh6+ Kc7 48.Nf4 Ra5 49.Nd3 Ra2 50.Rh4 Ra4
51.h3 Kc6 52.Rh6+ Kc7 53.h4 Ra1 54.Rd6 Nb5 55.Rd5 Kc6 56.Rc5+ Kb6 57.Rc1 Ra3
58.Rd1 Kc6 59.Kf4 Nc3 60.Rc1 Kd5 61.Kf5 Ra8 62.Nf4+ Kc4 63.Rc2 Rf8+ 64.Kg4 d3
65.Rh2 Ne4 66.Nxd3  1/2-1/2

[Event "TCh-BEL 2007-8"]
[Site "Belgium BEL"]
[Date "2007.11.04"]
[Round "3"]
[White "Vanderhallen,N"]
[Black "Baert,A"]
[Result "0-1"]
[WhiteElo "2265"]
[BlackElo "2168"]

1.d4 e6 2.c4 d5 3.Nc3 Be7 4.Nf3 Nf6 5.Bf4 O-O 6.e3 Nbd7 7.Qc2 c5 8.Rd1 cxd4
9.Rxd4 Qa5 10.cxd5 Nxd5 11.Ra4 Qc5 12.Rc4 Qa5 13.Ra4 Qc5 14.Bg5 f6 15.Bh4 N7b6
16.Rd4 e5 17.Rxd5 Nxd5 18.Qb3 Be6 19.Bc4 Rfd8 20.e4 Rac8 21.Bxd5 Bxd5 22.exd5 Kf8
23.O-O b5 24.Qxb5 Qxb5 25.Nxb5 Rxd5 26.Nc3 Ra5 27.Nd2 Bb4 28.Nb3 Bxc3 29.bxc3 Rxa2
30.Rc1 a5 31.c4 a4 32.Na5 Rb2 33.f3 a3 34.Ra1 a2 35.Be1 Rb1 36.Rxa2 Rxe1+
37.Kf2 Rb1 38.Ke3 Rc5 39.Kd3 Rb8 40.Kc3 Ke7 41.Nb3 Rc7 42.c5 Rxb3+ 43.Kxb3 Rxc5
44.Ra7+ Kf8 45.g4 Rc1 46.Kb4 Kg8 47.h4 h5 48.Ra4 Rh1 49.Kc5 Rxh4 50.Kd6 Kf7
51.Ra7+ Kg6 52.gxh5+ Rxh5 53.Ke6 Rh3 54.Ra1 Rg3  0-1

[Event "Cup Russia"]
[Site "Serpukhov RUS"]
[Date "2007.11.06"]
[Round "1.2"]
[White "Rychagov,A"]
[Black "Azarov,S"]
[Result "1/2-1/2"]
[WhiteElo "2528"]
[BlackElo "2586"]

1.d4 Nf6 2.c4 e6 3.Nc3 d5 4.Nf3 Be7 5.Bf4 O-O 6.e3 Nbd7 7.c5 Nh5 8.Bd3 Nxf4
9.exf4 b6 10.b4 a5 11.a3 c6 12.O-O Qc7 13.g3 Ba6 14.Bxa6 Rxa6 15.Qe2 Rfa8
16.b5 cxb5 17.Nxd5 exd5 18.Qxe7 Rc8 19.c6 Nf6 20.Qxc7 Rxc7 21.Rfb1 Rxc6 22.Rxb5 a4
23.Ne5 Rc3 24.Rab1 h6 25.Rxb6 Rxb6 26.Rxb6 Rxa3 27.f5 Ne8 28.Rb8 Kf8 29.Rb7 Nd6
30.Rd7 Nb5 31.Rxd5 Rb3 32.Nc6 f6 33.Rd8+ Kf7 34.Rd7+ Kf8 35.Rd8+ Kf7 36.Rd7+ Kf8
37.Rd8+  1/2-1/2

[Event "ch-IND w"]
[Site "Pune IND"]
[Date "2007.11.09"]
[Round "5"]
[White "Karavade,E"]
[Black "Mohota,N"]
[Result "1/2-1/2"]
[WhiteElo "2331"]
[BlackElo "2416"]

1.d4 d5 2.c4 e6 3.Nc3 Be7 4.Nf3 Nf6 5.Bf4 O-O 6.e3 c5 7.dxc5 Bxc5 8.cxd5 Nxd5
9.Nxd5 exd5 10.a3 Nc6 11.Bd3 Bb6 12.O-O d4 13.e4 Bg4 14.h3 Qf6 15.Bg3 Bxf3
16.Qxf3 Qxf3 17.gxf3 Rac8 18.b4 a5 19.bxa5 Nxa5 20.Rab1 Rc3 21.Rfd1 Bc5 22.Rb5 b6
23.Bc7 Rxa3 24.Bxb6 Bxb6 25.Rxb6 g6 26.Rd6 Nb3 27.Bc4 Rc8 28.Bd5 Nc5 29.Rf6 Rc7
30.Rxd4 Nd3 31.Rc4 Rxc4 32.Bxc4 Ne5 33.Be2 Kg7 34.Rd6  1/2-1/2

[Event "Tal Mem"]
[Site "Moscow RUS"]
[Date "2007.11.11"]
[Round "2"]
[White "Carlsen,M"]
[Black "Alekseev,Evgeny"]
[Result "1/2-1/2"]
[WhiteElo "2714"]
[BlackElo "2716"]

1.d4 d5 2.c4 e6 3.Nc3 Be7 4.Nf3 Nf6 5.Bf4 O-O 6.e3 Nbd7 7.cxd5 Nxd5 8.Nxd5 exd5
9.Be2 Bb4+ 10.Nd2 Nf6 11.O-O Bd6 12.Bg5 h6 13.Bh4 c6 14.Qc2 Re8 15.Rab1 g6
16.Bxf6 Qxf6 17.b4 a6 18.a4 h5 19.b5 Bf5 20.Bd3 Bxd3 21.Qxd3 cxb5 22.axb5 a5
23.Qb3 Qf5 24.Qa4 Rec8 25.b6 Qc2 26.Nb3 Qc6 27.Qa1 Bb4 28.Nc5 Qxb6 29.Nd3 Qd6
30.Qa2 Ra6 31.g3 Rc3 32.Rb3 Rxb3 33.Qxb3 Rc6 34.Qa4 Kg7 35.Rb1 Rc4 36.Ne5 Rc7
37.Nd3 Qc6 38.Qa2 Qb5 39.Qb3 Rc6 40.Kg2 Qc4 41.Qd1 Qb5 42.Qb3 Rc4 43.Ne5 Rc7
44.Nd3 Rc4 45.Ne5 Rc7  1/2-1/2

[Event "WYb16"]
[Site "Kemer TUR"]
[Date "2007.11.21"]
[Round "4"]
[White "Ashwath,R"]
[Black "Demidov,M"]
[Result "0-1"]
[WhiteElo "2374"]
[BlackElo "2199"]

1.d4 Nf6 2.c4 e6 3.Nf3 d5 4.Nc3 Be7 5.Bf4 O-O 6.e3 c5 7.dxc5 Bxc5 8.a3 Nc6
9.cxd5 Nxd5 10.Nxd5 exd5 11.Bd3 Bb6 12.O-O Bg4 13.h3 Bh5 14.Rc1 d4 15.g4 Bg6
16.e4 Re8 17.Re1 f6 18.Bc4+ Kh8 19.Bd5 Qd7 20.Qa4 Rad8 21.Nh4 Bf7 22.Bxc6 bxc6
23.Nf5 Re6 24.e5 Rde8 25.Nd6 fxe5 26.Nxe8 Qxe8 27.Bd2 h5 28.f3 hxg4 29.hxg4 e4
30.fxe4 Rg6 31.g5 Qe5 32.Kg2 Rxg5+ 33.Bxg5 Qxg5+ 34.Kh2 Qf4+ 35.Kg2 Qg4+
36.Kh2 Qf4+ 37.Kg2 Qg4+ 38.Kh2 Be6 39.Qxc6 Qh4+ 40.Kg2 Bh3+ 41.Kh2 Bd7+ 42.Kg2 Qh3+  0-1

[Event "World Blitz"]
[Site "Moscow RUS"]
[Date "2007.11.21"]
[Round "8"]
[White "Ivanchuk,V"]
[Black "Karpov,Ana"]
[Result "1-0"]
[WhiteElo "2787"]
[BlackElo "2670"]

1.d4 Nf6 2.c4 e6 3.Nf3 d5 4.Nc3 Be7 5.Bf4 O-O 6.e3 Nbd7 7.Qb3 c6 8.Rc1 Nh5
9.Be5 Nxe5 10.dxe5 g6 11.Be2 Qb6 12.Qc2 Rd8 13.O-O Bd7 14.a3 Qa5 15.Ra1 dxc4
16.Bxc4 c5 17.Bd3 b5 18.a4 b4 19.Ne4 Qc7 20.Ned2 Bc6 21.Nc4 Bxf3 22.gxf3 Rd7
23.Rad1 Rad8 24.f4 Ng7 25.Be4 Rxd1 26.Rxd1 Rd7 27.Kf1 Qd8 28.Ke2 Nf5 29.Na5 Rxd1
30.Nc6 Qc7 31.Qxd1 Kg7 32.Qd3 a5 33.Qb5 Bd8 34.Qxc5 Qd7 35.Bxf5 gxf5 36.Qd6 Qe8
37.Nxd8 Qxa4 38.Qd3  1-0